02131nam a2200349 i 4500001001000000003001000010005001700020007000300037008004100040020001800081040004700099041000800146082002000154100003500174245009000209264005000299264001200349300002700361336002700388337003300415338002800448490004400476505061100520520044001131563001401571653001101585653001601596942000701612945001201619952013301631999001701764768714001CO-MdFUSB20210519162058.0ta210512t2020 -us |||| |||| 00| 0 eng d a9780830855414 aCO-MdFUSBbspacCO-MdFUSBdCO-MdFUSBCerda aeng 223a234.3bH288 aHarmon, Matthew S. ‎ eautor1 aRebels and exiles : ba biblical theology of sin and restorationc/ Matthew S. Harmon 1aEstados Unidos :bInterVarsity Press,c[2020] 4c© 2020 a164 páginasc; 22 cm 2rdacontentatextobtxt 2rdamediaasin mediaciónbn 2rdacarrieravolumenbnc aEssential studies in biblical theology. aIntroducción: El pecado y el exilio en la experiencia contemporánea - La rebelión y el exilio originales de la humanidad - La amenaza del exilio / cuando Israel se rebela - La realidad del exilio cuando Israel se rebeló - El regreso del exilio cuando Israel se arrepiente - El fin del exilio inaugurado mediante la vida y el ministerio de Jesús - Restauración mediante la muerte, resurrección y ascensión de Jesús - La vida como exiliados en un mundo caído - El fin del exilio consumado en una nueva creación - Las implicaciones prácticas del pecado, el exilio y la restauración . a "Todos compartimos una experiencia de exilio, de anhelo por nuestro verdadero hogar. En este volumen de la ESBT, Matthew S. Harmon explora cómo se desarrolla el tema del pecado y el exilio a lo largo de las Escrituras, trazando un patrón común de rebelión humana, el juicio de Dios y la esperanza de una relación restaurada, comenzando con los primeros humanos y concluyendo con el fin del exilio en una nueva creación "- aRústico aExilio aRedención cBK aJTF-925 00102ddc40708GENaFUSBCbFUSBCd2021-05-12l0oG 234.3 H288rp19480r2021-05-12 00:00:00tEj. 1w2021-05-12yBKk31IINV2023 c66734d66734